MARC details
| 000 -LEADER |
| fixed length control field |
01407nab a2200325 u 4500 |
| 001 - CONTROL NUMBER |
| control field |
04722 |
| 003 - CONTROL NUMBER IDENTIFIER |
| control field |
HDC |
| 007 - PHYSICAL DESCRIPTION FIXED FIELD--GENERAL INFORMATION |
| fixed length control field |
cr bn --- |
| 008 - FIXED-LENGTH DATA ELEMENTS--GENERAL INFORMATION |
| fixed length control field |
210117p xx n |0 eng |
| 040 ## - CATALOGING SOURCE |
| Original cataloging agency |
HDC |
| 100 ## - MAIN ENTRY--PERSONAL NAME |
| Personal name |
AlfiKhairiansyahMachfud, |
| Relator term |
author |
| 9 (RLIN) |
4895 |
| 245 #0 - TITLE STATEMENT |
| Title |
Collaboration, Wealth and Value Creation, SMEs' Halal Products Communities, and Information Systems / |
| Statement of responsibility, etc. |
by AlfiKhairiansyahMachfud, Abdul Rahman Ahmad Dahlan, JawdatKhatib and Ahmed Abdulaziz Haji-Ahmed |
| 260 ## - PUBLICATION, DISTRIBUTION, ETC. |
| Place of publication, distribution, etc. |
[No place] : |
| Name of publisher, distributor, etc. |
[publisher not identified], |
| Date of publication, distribution, etc. |
[no year] |
| 300 ## - PHYSICAL DESCRIPTION |
| Extent |
1 online resource (9 pages) |
| 336 ## - CONTENT TYPE |
| Content type term |
text |
| Source |
rdacontent |
| 337 ## - MEDIA TYPE |
| Media type term |
computer |
| Source |
rdamedia |
| 338 ## - CARRIER TYPE |
| Carrier type term |
online resource |
| Source |
rdacarrier |
| 650 ## - SUBJECT ADDED ENTRY--TOPICAL TERM |
| Topical term or geographic name entry element |
Business |
| 9 (RLIN) |
207 |
| 650 ## - SUBJECT ADDED ENTRY--TOPICAL TERM |
| Topical term or geographic name entry element |
Halal food industry |
| 9 (RLIN) |
128 |
| 650 ## - SUBJECT ADDED ENTRY--TOPICAL TERM |
| Topical term or geographic name entry element |
Halal food |
| 9 (RLIN) |
50 |
| 650 ## - SUBJECT ADDED ENTRY--TOPICAL TERM |
| Topical term or geographic name entry element |
SME Communities |
| 9 (RLIN) |
5299 |
| 700 ## - ADDED ENTRY--PERSONAL NAME |
| Personal name |
Abdul Rahman Ahmad Dahlan, |
| Relator term |
author |
| 9 (RLIN) |
4896 |
| 700 ## - ADDED ENTRY--PERSONAL NAME |
| Personal name |
Ahmed Abdulaziz Haji-Ahmed, |
| Relator term |
author |
| 9 (RLIN) |
4898 |
| 700 ## - ADDED ENTRY--PERSONAL NAME |
| Personal name |
JawdatKhatib , |
| Relator term |
author |
| 9 (RLIN) |
4897 |
| 856 ## - ELECTRONIC LOCATION AND ACCESS |
| Public note |
Request full-text at [email protected] |
| 856 ## - ELECTRONIC LOCATION AND ACCESS |
| Public note |
Request full-text at [email protected] |
| 942 ## - ADDED ENTRY ELEMENTS (KOHA) |
| Source of classification or shelving scheme |
Library of Congress Classification |
| 942 ## - ADDED ENTRY ELEMENTS (KOHA) |
| Koha item type |
Articles |
| 942 ## - ADDED ENTRY ELEMENTS (KOHA) |
| Call number prefix |
JART 000091 |